[Event "Aurora Fall op"]
[Site "Aurora CAN"]
[Date "2013.10.20"]
[Round "5.9"]
[White "Ivanov, Mike"]
[Black "Yu, Wenlu"]
[Result "1-0"]
[WhiteElo "2204"]
[BlackElo "1991"]
[WhiteFideId "-1"]
[WhiteFideId "-1"]
[PlyCount "80"]
[GameId "2160767909224994"]
[EventDate "2013.10.19"]
[EventType "swiss"]
[EventRounds "5"]
[EventCountry "CAN"]

1. e4 c5 2. Nc3 g6 3. g3 Bg7 4. d3 d6 5. Bg2 e6 6. Be3 Ne7 7. Qd2 a6 8. Bh6 O-O 9. h4 f6 10. Bxg7 Kxg7 11. h5 g5 12. h6+ Kh8 13. f4 Ng6 14. Nf3 gxf4 15. gxf4 Rg8 16. O-O-O b5 17. Rdg1 b4 18. Nd1 a5 19. f5 Ne5 20. Nxe5 dxe5 21. Bh3 exf5 22. Bxf5 Bxf5 23. exf5 Nc6 24. Rg7 Nd4 25. Ne3 Qd6 26. Qg2 Qc6 27. Rg1 Qxg2 28. R1xg2 a4 29. c3 bxc3 30. bxc3 Nf3 31. Rxg8+ Rxg8 32. Rxg8+ Kxg8 33. Kb2 Ne1 34. Ka3 Nxd3 35. Kxa4 Kf7 36. Kb5 Ke7 37. a4 Kd7 38. Nd5 Nf2 39. Nxf6+ Kc8 40. Nxh7 Ng4 1-0

[Event "NAYCC U18"]
[Site "Toronto CAN"]
[Date "2013.08.14"]
[Round "1"]
[White "Colas, Joshua"]
[Black "Ivanov, Mike"]
[Result "1/2-1/2"]
[WhiteElo "2405"]
[BlackElo "2202"]
[WhiteFideId "-1"]
[WhiteFideId "-1"]
[PlyCount "132"]
[GameId "2160767909292620"]
[EventDate "2013.08.14"]
[EventType "swiss"]
[EventRounds "9"]
[EventCountry "CAN"]
[SourceTitle "hb 2013"]

1. d4 Nf6 2. c4 c5 3. d5 e6 4. Nc3 exd5 5. cxd5 d6 6. e4 g6 7. Nge2 Bg7 8. Ng3 O-O 9. Be2 Na6 10. O-O Rb8 11. Be3 Nc7 12. a4 Re8 13. f3 a6 14. a5 b5 15. axb6 Rxb6 16. Qd2 Bd7 17. Nh1 Qb8 18. Ra2 Nfxd5 19. Nxd5 Nxd5 20. Bxc5 dxc5 21. exd5 Bd4+ 22. Nf2 Rxe2 23. Qxe2 Bb5 24. Qc2 Bxf1 25. Kxf1 Rxb2 26. Rxb2 Qxb2 27. Qxb2 Bxb2 28. Ke2 f5 29. Kd3 Bd4 30. Nh3 Kf8 31. Kc4 Ke7 32. Ng5 h6 33. Ne6 Kd6 34. Nd8 h5 35. h3 h4 36. Nc6 Bf6 37. Na5 Ke5 38. Kxc5 Be7+ 39. Kc6 Kf4 40. Kd7 Bc5 41. Nb7 Bb4 42. Kc6 Bf8 43. Nc5 Kg3 44. Ne6 Be7 45. Kd7 Bb4 46. Kc6 Be7 47. Kd7 Ba3 48. Kc6 Kxg2 49. Nc5 Kxh3 50. d6 Bb2 51. Kd5 Bf6 52. Ke6 Bd8 53. Kd7 Bg5 54. Ne6 Bf6 55. Ke8 Kg3 56. d7 h3 57. Kf7 Bh4 58. f4 h2 59. Ng5 Bxg5 60. fxg5 h1=Q 61. d8=Q Kg4 62. Qd6 Qh7+ 63. Kf6 Qh8+ 64. Kf7 Qh7+ 65. Kf6 Qg8 66. Qd1+ Kf4 1/2-1/2

[Event "NAYCC U18"]
[Site "Toronto CAN"]
[Date "2013.08.15"]
[Round "2"]
[White "Ivanov, Mike"]
[Black "Knox, Christopher"]
[Result "0-1"]
[WhiteElo "2202"]
[BlackElo "2319"]
[WhiteFideId "-1"]
[WhiteFideId "-1"]
[PlyCount "106"]
[GameId "2160767909292639"]
[EventDate "2013.08.14"]
[EventType "swiss"]
[EventRounds "9"]
[EventCountry "CAN"]
[SourceTitle "EXT 2022"]
[Source "ChessBase"]
[SourceDate "2021.10.06"]
[SourceVersion "1"]
[SourceVersionDate "2021.10.06"]
[SourceQuality "1"]

1. e4 c5 2. Nc3 Nc6 3. g3 g6 4. Bg2 Bg7 5. d3 d6 6. Be3 Nd4 7. Nce2 Nxe2 8. Nxe2 Bxb2 9. Rb1 Bg7 10. O-O e5 11. f4 Ne7 12. fxe5 Bxe5 13. c3 O-O 14. d4 cxd4 15. cxd4 Bg7 16. Qb3 b6 17. e5 Be6 18. d5 Bg4 19. exd6 Nf5 20. Nf4 Nxe3 21. Qxe3 Qxd6 22. Rbc1 Rac8 23. Rfe1 Bf6 24. Kh1 Bd7 25. Qf3 Rxc1 26. Rxc1 Rc8 27. Rxc8+ Bxc8 28. Nd3 Bb7 29. a4 a6 30. Qe4 Kg7 31. Qc4 Qa3 32. Be4 Qc3 33. Qxc3 Bxc3 34. Kg2 f5 35. Bf3 Kf6 36. Kf2 Bd4+ 37. Ke2 a5 38. h4 Bc8 39. Kd2 Bd7 40. Bd1 Ke7 41. Bb3 Kd6 42. Ke2 Bc8 43. Bc4 Bb7 44. Nf4 Be5 45. Ke3 Bxf4+ 46. Kxf4 Bxd5 47. Bd3 Bb3 48. Bb5 Kc5 49. Kg5 Kb4 50. Kh6 Bxa4 51. Bd3 Bd1 52. Kxh7 Bh5 53. g4 fxg4 0-1

[Event "NAYCC U18"]
[Site "Toronto CAN"]
[Date "2013.08.15"]
[Round "3"]
[White "Song, Guangyu"]
[Black "Ivanov, Mike"]
[Result "1/2-1/2"]
[WhiteElo "1609"]
[BlackElo "2202"]
[WhiteFideId "-1"]
[WhiteFideId "-1"]
[PlyCount "70"]
[GameId "2160767739919901"]
[EventDate "2013.08.14"]
[EventType "swiss"]
[EventRounds "9"]
[EventCountry "CAN"]
[SourceTitle "EXT 2022"]
[Source "ChessBase"]
[SourceDate "2021.10.06"]
[SourceVersion "1"]
[SourceVersionDate "2021.10.06"]
[SourceQuality "1"]

1. d4 Nf6 2. c4 c5 3. d5 e6 4. Nc3 exd5 5. cxd5 d6 6. e4 g6 7. Bd3 Bg7 8. Nge2 O-O 9. O-O Re8 10. h3 Na6 11. a3 Nc7 12. Rb1 b5 13. b4 c4 14. Bc2 a5 15. Bg5 axb4 16. Rxb4 Rxa3 17. Nxb5 Nxb5 18. Rxb5 h6 19. Bxf6 Qxf6 20. Qb1 Qg5 21. Qc1 Qxc1 22. Rxc1 g5 23. Bb1 Be5 24. Rb8 c3 25. f3 Kf8 26. Bd3 Rd8 27. Bc4 Ke7 28. Rb3 Ra5 29. Nxc3 Rc5 30. Ne2 Rd7 31. Bb5 Rxc1+ 32. Nxc1 Ra7 33. Rb1 Bf4 34. Nd3 Be3+ 35. Kh2 Rb7 {...} 1/2-1/2

[Event "NAYCC U18"]
[Site "Toronto CAN"]
[Date "2013.08.16"]
[Round "4"]
[White "Ivanov, Mike"]
[Black "Nasir, Pi"]
[Result "1-0"]
[WhiteElo "2202"]
[BlackElo "1947"]
[WhiteFideId "-1"]
[WhiteFideId "-1"]
[PlyCount "81"]
[GameId "2160767909292663"]
[EventDate "2013.08.14"]
[EventType "swiss"]
[EventRounds "9"]
[EventCountry "CAN"]
[SourceTitle "EXT 2022"]
[Source "ChessBase"]
[SourceDate "2021.10.06"]
[SourceVersion "1"]
[SourceVersionDate "2021.10.06"]
[SourceQuality "1"]

1. e4 b6 2. Nf3 Bb7 3. Bd3 g6 4. O-O Bg7 5. c3 d6 6. Bc2 Nf6 7. Re1 O-O 8. d4 Nbd7 9. Nbd2 Rc8 10. a4 c5 11. d5 a6 12. Qe2 Ne8 13. c4 Nc7 14. Nf1 Re8 15. Qd3 Ra8 16. Rb1 b5 17. b3 Bc8 18. Bb2 f6 19. h4 Rb8 20. h5 Nf8 21. Ng3 Bg4 22. Nh2 gxh5 23. Nxg4 hxg4 24. Nh5 Ng6 25. Qg3 bxa4 26. bxa4 Qd7 27. Bd1 Rb4 28. Bxg4 Qxa4 29. Bf5 Kf7 30. e5 dxe5 31. Qh3 Qb3 32. Bc3 Qa2 33. Bxb4 cxb4 34. Rxb4 a5 35. Rbb1 Na6 36. Be6+ Kf8 37. Nxf6 exf6 38. Qxh7 Rxe6 39. dxe6 Ne7 40. Red1 Nc6 41. Rb7 1-0

[Event "NAYCC U18"]
[Site "Toronto CAN"]
[Date "2013.08.16"]
[Round "5"]
[White "Ivanov, Mike"]
[Black "Chandra, Akshat"]
[Result "0-1"]
[WhiteElo "2202"]
[BlackElo "2395"]
[WhiteFideId "-1"]
[WhiteFideId "-1"]
[PlyCount "118"]
[GameId "2160767909292680"]
[EventDate "2013.08.14"]
[EventType "swiss"]
[EventRounds "9"]
[EventCountry "CAN"]
[SourceTitle "EXT 2022"]
[Source "ChessBase"]
[SourceDate "2021.10.06"]
[SourceVersion "1"]
[SourceVersionDate "2021.10.06"]
[SourceQuality "1"]

1. Nc3 c5 2. e4 Nc6 3. g3 g6 4. Bg2 Bg7 5. d3 d6 6. Be3 b6 7. Qd2 Bb7 8. Nge2 Qd7 9. h3 Nd4 10. Rb1 e6 11. b4 Ne7 12. O-O O-O 13. a4 Rac8 14. bxc5 bxc5 15. Nb5 Nxe2+ 16. Qxe2 Bc6 17. Qd2 a6 18. Na3 Bxa4 19. Nc4 Rb8 20. Nb6 Qe8 21. Bf4 e5 22. Bg5 Bb5 23. Bxe7 Qxe7 24. Nd5 Qa7 25. Qa5 Rfc8 26. c4 Bc6 27. h4 Bxd5 28. cxd5 Bf6 29. Bh3 Rd8 30. Rfc1 Kg7 31. Bg4 c4 32. dxc4 Rxb1 33. Rxb1 Qd4 34. Qe1 Qxc4 35. Rb7 Kg8 36. Qa5 h5 37. Bd7 Qc1+ 38. Kg2 Qc4 39. Qa4 Qe2 40. Ra7 g5 41. hxg5 Bxg5 42. Qa3 Qxe4+ 43. Qf3 Qxf3+ 44. Kxf3 Bd2 45. Bc6 a5 46. Ke4 Rb8 47. Kf5 Rb3 48. Kf6 Rf3+ 49. Ke7 Bb4 50. Ba4 Rxf2 51. Bd1 e4 52. Ke8 Rf5 53. Re7 Rxd5 54. Bb3 Re5 55. Bxf7+ Kg7 56. Rxe5 dxe5 57. Bxh5 a4 58. Be2 a3 59. Bc4 e3 0-1

[Event "NAYCC U18"]
[Site "Toronto CAN"]
[Date "2013.08.17"]
[Round "6"]
[White "Schneider, Thomas G"]
[Black "Ivanov, Mike"]
[Result "0-1"]
[WhiteElo "1952"]
[BlackElo "2202"]
[WhiteFideId "-1"]
[WhiteFideId "-1"]
[PlyCount "98"]
[GameId "2160767909296793"]
[EventDate "2013.08.14"]
[EventType "swiss"]
[EventRounds "9"]
[EventCountry "CAN"]
[SourceTitle "EXT 2022"]
[Source "ChessBase"]
[SourceDate "2021.10.06"]
[SourceVersion "1"]
[SourceVersionDate "2021.10.06"]
[SourceQuality "1"]

1. d4 Nf6 2. c4 g6 3. Nf3 Bg7 4. g3 O-O 5. Bg2 d6 6. Nc3 Nc6 7. O-O Bg4 8. h3 Bxf3 9. Bxf3 Nd7 10. e3 e5 11. d5 Ne7 12. e4 f5 13. b4 a5 14. b5 h6 15. Kh2 Rf7 16. Qe2 fxe4 17. Bg4 Nf5 18. Nxe4 Nf6 19. Nxf6+ Qxf6 20. Bb2 Raf8 21. f4 Nxg3 22. Kxg3 exf4+ 23. Kf3 Qxb2 24. Qxb2 Bxb2 25. Rab1 Bd4 26. Be6 Kg7 27. Bxf7 Rxf7 28. Rfe1 Be3 29. Rb2 Kf6 30. Rg2 Rg7 31. h4 Ke5 32. Rd1 Kf5 33. Rg4 g5 34. Rh1 Bd4 35. Re1 Bf6 36. h5 b6 37. a4 Re7 38. Rxe7 Bxe7 39. Rg1 Bf6 40. Rg2 Bc3 41. Rg1 Bb4 42. Rg2 Be1 43. Rg1 Bg3 44. Rf1 g4+ 45. Kg2 Kg5 46. Rh1 Bh4 47. Rd1 f3+ 48. Kg1 Bg3 49. Rd4 Be5 0-1

[Event "NAYCC U18"]
[Site "Toronto CAN"]
[Date "2013.08.18"]
[Round "8"]
[White "Ivanov, Mike"]
[Black "Semianiuk, Konstantin"]
[Result "1/2-1/2"]
[WhiteElo "2202"]
[BlackElo "2315"]
[WhiteFideId "-1"]
[WhiteFideId "-1"]
[PlyCount "95"]
[GameId "2160767909296818"]
[EventDate "2013.08.14"]
[EventType "swiss"]
[EventRounds "9"]
[EventCountry "CAN"]
[SourceTitle "EXT 2022"]
[Source "ChessBase"]
[SourceDate "2021.10.06"]
[SourceVersion "1"]
[SourceVersionDate "2021.10.06"]
[SourceQuality "1"]

1. Nf3 d5 2. d4 Nf6 3. e3 c6 4. Bd3 Bg4 5. Nbd2 Nbd7 6. c4 e5 7. cxd5 Nxd5 8. h3 Bxf3 9. Nxf3 exd4 10. Nxd4 Bb4+ 11. Bd2 Ne5 12. Bxb4 Nxb4 13. Be2 O-O 14. a3 Nd5 15. O-O Qe7 16. Qc2 Rad8 17. Rac1 a6 18. Nf3 Nd7 19. Rfd1 Rfe8 20. Bc4 N7f6 21. Bxd5 Nxd5 22. Qf5 g6 23. Qg5 Kg7 24. Qxe7 Nxe7 25. Ne5 Nd5 26. Nc4 f5 27. Na5 Rd7 28. Nb3 Rde7 29. Nc5 h5 30. h4 Kh6 31. Rd3 Rf8 32. g3 Rff7 33. Rc4 Kg7 34. Kg2 Kf8 35. e4 fxe4 36. Rxe4 Rxe4 37. Nxe4 Ke7 38. Rf3 Rg7 39. Kf1 b6 40. Ke2 Ke6 41. Rf8 c5 42. Kd3 Rc7 43. b3 Ke7 44. Ra8 Rd7 45. Ke2 a5 46. a4 Ke6 47. Re8+ Kf5 48. f3 1/2-1/2

[Event "NAYCC U18"]
[Site "Toronto CAN"]
[Date "2013.08.18"]
[Round "9"]
[White "Ivanov, Mike"]
[Black "Luo, Zhao Yang"]
[Result "1-0"]
[WhiteElo "2202"]
[BlackElo "1982"]
[WhiteFideId "-1"]
[WhiteFideId "-1"]
[PlyCount "87"]
[GameId "2160767909296826"]
[EventDate "2013.08.14"]
[EventType "swiss"]
[EventRounds "9"]
[EventCountry "CAN"]
[SourceTitle "hb 2013"]

1. e4 c6 2. Nc3 d5 3. Nf3 dxe4 4. Nxe4 Bf5 5. Ng3 Bg6 6. h4 h6 7. Ne5 Qd6 8. d4 Nd7 9. Nxg6 Qxg6 10. Bf4 Ngf6 11. Be2 Nd5 12. Bd2 e6 13. O-O Qf6 14. c4 N5b6 15. Bc3 Qxh4 16. a4 Nf6 17. Qb3 Rb8 18. Bf3 Be7 19. Rfe1 O-O 20. Nf5 exf5 21. g3 Qg5 22. Rxe7 Ne4 23. Bxe4 Qxe7 24. Bxf5 Qe2 25. c5 Nd5 26. Re1 Qh5 27. Re5 g5 28. Rxd5 cxd5 29. Qxd5 Qd1+ 30. Kg2 Qxa4 31. Qe5 Rfe8 32. Bh7+ Kf8 33. Qf5 Rbd8 34. d5 Qd7 35. d6 Qxf5 36. Bxf5 Re6 37. Bxe6 fxe6 38. b4 Ke8 39. Bg7 Kf7 40. Be5 Rg8 41. b5 Ke8 42. c6 Kd8 43. Bd4 b6 44. g4 1-0

[Event "Quebec op"]
[Site "Montreal CAN"]
[Date "2013.07.21"]
[Round "1"]
[White "Lebeau, Gilbert"]
[Black "Ivanov, Mike"]
[Result "1-0"]
[WhiteElo "2002"]
[BlackElo "2238"]
[WhiteFideId "-1"]
[WhiteFideId "-1"]
[PlyCount "107"]
[GameId "2160767909296923"]
[EventDate "2013.07.21"]
[EventType "swiss"]
[EventRounds "9"]
[EventCountry "CAN"]
[SourceTitle "EXT 2022"]
[Source "ChessBase"]
[SourceDate "2021.10.06"]
[SourceVersion "1"]
[SourceVersionDate "2021.10.06"]
[SourceQuality "1"]

1. d4 Nf6 2. c4 g6 3. Nc3 Bg7 4. e4 O-O 5. Bd3 d6 6. Nge2 e5 7. O-O Nc6 8. d5 Ne7 9. Ng3 c6 10. Qc2 Ng4 11. f3 Qb6+ 12. Kh1 Ne3 13. Na4 Nxc2 14. Nxb6 axb6 15. Bxc2 b5 16. cxb5 cxd5 17. Bb3 Bd7 18. Bg5 f6 19. Be3 Bxb5 20. Rfd1 Rfc8 21. Rxd5 Ba4 22. Rb5+ Bxb3 23. Rxb3 Rc7 24. a3 d5 25. Bb6 Rc2 26. exd5 Nxd5 27. Rd1 Nf4 28. Bg1 Nxg2 29. Rxb7 Nh4 30. Rdd7 Bf8 31. Ne4 Rc6 32. Rdc7 Rb8 33. b4 Rxb7 34. Rxb7 Bg7 35. Bc5 Nxf3 36. b5 Rc8 37. b6 f5 38. Rc7 Rb8 39. Nd6 Bf8 40. b7 e4 41. Nxe4 fxe4 42. Bxf8 Rxb7 43. Rxb7 Kxf8 44. Kg2 Nd2 45. a4 Nc4 46. Rxh7 Ke8 47. Kf2 Kd8 48. h4 Nd6 49. a5 Kc8 50. a6 Kb8 51. Ke3 Ka8 52. Kd4 Kb8 53. Ke5 Ne8 54. Rh8 1-0

[Event "Quebec op"]
[Site "Montreal CAN"]
[Date "2013.07.23"]
[Round "4"]
[White "Ivanov, Mike"]
[Black "Robichaud, Louis"]
[Result "0-1"]
[WhiteElo "2238"]
[BlackElo "2072"]
[WhiteFideId "-1"]
[WhiteFideId "-1"]
[PlyCount "108"]
[GameId "2160767909296969"]
[EventDate "2013.07.21"]
[EventType "swiss"]
[EventRounds "9"]
[EventCountry "CAN"]
[SourceTitle "EXT 2022"]
[Source "ChessBase"]
[SourceDate "2021.10.06"]
[SourceVersion "1"]
[SourceVersionDate "2021.10.06"]
[SourceQuality "1"]

1. e4 e5 2. Nf3 Nc6 3. d4 exd4 4. Nxd4 Bc5 5. Nb3 Bb6 6. Nc3 Nf6 7. Bg5 h6 8. Bh4 O-O 9. Qe2 Re8 10. O-O-O d6 11. f3 Be6 12. g4 Qe7 13. Bf2 Rad8 14. h4 Bxb3 15. axb3 Qe5 16. Bxb6 axb6 17. g5 hxg5 18. hxg5 Qxg5+ 19. Kb1 Qc5 20. Qg2 Ne5 21. Qh3 Ng6 22. Bc4 Re5 23. Ne2 Qe3 24. Ng3 b5 25. f4 Qxf4 26. Rdf1 Qg5 27. Rxf6 Qxf6 28. Nf5 Rxf5 29. exf5 bxc4 30. fxg6 fxg6 31. Qh7+ Kf7 32. Qh3 Qe6 33. Qf3+ Kg8 34. bxc4 Rf8 35. Qxb7 Qxc4 36. Qg2 Rf6 37. Qh3 Qe6 38. Qh8+ Kf7 39. Qb8 Qd7 40. b3 g5 41. Rh8 Kg6 42. Qg8 Rf4 43. Qh7+ Kf6 44. Rf8+ Ke5 45. Rg8 Rf7 46. Qh2+ Kf6 47. Rh8 Qf5 48. Qd2 Qf3 49. Re8 Kg6 50. Re3 Qf5 51. Rg3 g4 52. Qd4 Kg5 53. b4 Qf4 54. Qc3 Qf1+ 0-1

[Event "CAN-op"]
[Site "Ottawa CAN"]
[Date "2013.07.19"]
[Round "8.21"]
[White "Chernik, Dmitry"]
[Black "Ivanov, Mike"]
[Result "0-1"]
[WhiteElo "1918"]
[BlackElo "2252"]
[WhiteFideId "-1"]
[WhiteFideId "-1"]
[PlyCount "52"]
[GameId "2160767909313729"]
[EventDate "2013.07.13"]
[EventType "swiss"]
[EventRounds "9"]
[EventCountry "CAN"]

1. e4 d5 2. exd5 Nf6 3. Bb5+ Bd7 4. Bc4 Bg4 5. f3 Bf5 6. Nc3 Nbd7 7. d4 Nb6 8. Bb3 Nfxd5 9. Nxd5 Nxd5 10. Ne2 e6 11. Nf4 Bd6 12. Nxd5 exd5 13. Qe2+ Be6 14. Be3 O-O 15. O-O-O a5 16. a3 a4 17. Ba2 Qe7 18. Qd3 b5 19. c3 Rab8 20. Bd2 Bxa3 21. bxa3 Qxa3+ 22. Kb1 b4 23. Bc1 bxc3+ 24. Ka1 Rb2 25. Qb1 Rxb1+ 26. Kxb1 Rb8+ 0-1

[Event "CYCC U18"]
[Site "Ottawa CAN"]
[Date "2013.07.10"]
[Round "1"]
[White "Luo, Zhao Yang"]
[Black "Ivanov, Mike"]
[Result "1-0"]
[WhiteElo "1946"]
[BlackElo "2252"]
[WhiteFideId "-1"]
[WhiteFideId "-1"]
[PlyCount "105"]
[GameId "2160767909334993"]
[EventDate "2013.07.10"]
[EventType "swiss"]
[EventRounds "6"]
[EventCountry "CAN"]
[SourceTitle "hb 2013"]

1. d4 Nf6 2. Nf3 c5 3. e3 g6 4. c4 cxd4 5. exd4 Bg7 6. Be2 d5 7. O-O O-O 8. Nc3 Nc6 9. Ne5 dxc4 10. Bxc4 Nxd4 11. Be3 Nc6 12. Qxd8 Nxd8 13. Bc5 Be6 14. Bxe7 Re8 15. Ba3 a6 16. Bxe6 Nxe6 17. Nc4 b5 18. Ne3 Rad8 19. Rad1 Nd4 20. Bc5 Ne4 21. Nxe4 Rxe4 22. Rfe1 f5 23. b3 Kf7 24. Kf1 f4 25. Ng4 Rxe1+ 26. Rxe1 Ne6 27. Bb4 Rd5 28. f3 Bd4 29. Nh6+ Kf6 30. Ng4+ Kf5 31. Nh6+ Kf6 32. Ng4+ Kf7 33. Nh6+ Kg7 34. Rxe6 Kxh6 35. Rxa6 Be3 36. Ke2 Bg1 37. h3 Kg5 38. Re6 Be3 39. Re4 Kf5 40. h4 Rd6 41. Bc3 Rd5 42. g4+ fxg3 43. Rxe3 Rc5 44. Kf1 b4 45. Bxb4 Rc2 46. Re2 Rxe2 47. Kxe2 h5 48. Be1 Kf4 49. a4 g5 50. hxg5 h4 51. g6 h3 52. g7 h2 53. Bxg3+ 1-0

[Event "CYCC U18"]
[Site "Ottawa CAN"]
[Date "2013.07.10"]
[Round "2"]
[White "Ivanov, Mike"]
[Black "Den Bok, Daniel"]
[Result "1/2-1/2"]
[WhiteElo "2252"]
[BlackElo "1493"]
[WhiteFideId "-1"]
[WhiteFideId "-1"]
[PlyCount "93"]
[GameId "2160767909335001"]
[EventDate "2013.07.10"]
[EventType "swiss"]
[EventRounds "6"]
[EventCountry "CAN"]
[SourceTitle "EXT 2022"]
[Source "ChessBase"]
[SourceDate "2021.10.06"]
[SourceVersion "1"]
[SourceVersionDate "2021.10.06"]
[SourceQuality "1"]

1. e4 e5 2. Nf3 Nc6 3. d4 exd4 4. Nxd4 Nf6 5. Nxc6 bxc6 6. e5 Nd5 7. c4 Nb6 8. b3 Bb4+ 9. Bd2 Bxd2+ 10. Nxd2 O-O 11. Be2 d6 12. exd6 cxd6 13. O-O d5 14. c5 Nd7 15. Rc1 Qe7 16. Nf3 Nf6 17. Nd4 Qc7 18. Re1 Re8 19. b4 a6 20. a4 Bb7 21. b5 axb5 22. axb5 cxb5 23. Nxb5 Qd7 24. Nd6 Reb8 25. Nxb7 Qxb7 26. c6 Qc7 27. Bf3 Rd8 28. Qb3 Rab8 29. Qa3 Rd6 30. Qa6 Rc8 31. g4 Rxc6 32. Rxc6 Qxc6 33. Qxc6 Rxc6 34. Bxd5 Rc5 35. Bb3 Rc3 36. Ra1 g6 37. g5 Ne4 38. Ra3 Kg7 39. Ra4 Nxg5 40. Bd5 Rc5 41. Ba2 Rc2 42. Ra7 Rc1+ 43. Kg2 Rc6 44. Kg3 Ne6 45. Kf3 Kf6 46. h4 h5 47. Ra4 1/2-1/2

[Event "CYCC U18"]
[Site "Ottawa CAN"]
[Date "2013.07.11"]
[Round "3"]
[White "Zhang, Zhiyuan"]
[Black "Ivanov, Mike"]
[Result "0-1"]
[WhiteElo "1983"]
[BlackElo "2252"]
[WhiteFideId "-1"]
[WhiteFideId "-1"]
[PlyCount "90"]
[GameId "2160767909335011"]
[EventDate "2013.07.10"]
[EventType "swiss"]
[EventRounds "6"]
[EventCountry "CAN"]
[SourceTitle "hb 2013"]

1. e4 e6 2. d4 d5 3. e5 c5 4. c3 Qb6 5. Nf3 Nc6 6. Bd3 cxd4 7. cxd4 Bd7 8. O-O Nxd4 9. Nxd4 Qxd4 10. Nc3 a6 11. Qe2 Ne7 12. Rd1 Nc6 13. Bxa6 Qxe5 14. Bxb7 Qxe2 15. Nxe2 Rb8 16. Bxc6 Bxc6 17. b3 e5 18. Bb2 Bd6 19. Rac1 Kd7 20. Ng3 Ra8 21. a4 Rab8 22. Ne4 f6 23. Nxd6 Kxd6 24. Ba3+ Kd7 25. Rd3 d4 26. Rg3 g6 27. Rc5 Be4 28. Kf1 h5 29. h4 Rbc8 30. Ke1 Ke6 31. Kd2 Bf5 32. Kc1 g5 33. hxg5 h4 34. Rf3 fxg5 35. Rxf5 Kxf5 36. f3 Kf4 37. Kd2 Rxc5 38. Bxc5 Kg3 39. Bd6 Re8 40. a5 Kxg2 41. a6 h3 42. a7 Ra8 43. Bxe5 Rxa7 44. Bxd4 Ra2+ 45. Kc3 h2 0-1

[Event "CYCC U18"]
[Site "Ottawa CAN"]
[Date "2013.07.11"]
[Round "4"]
[White "Ivanov, Mike"]
[Black "Florea, Alexandru"]
[Result "1-0"]
[WhiteElo "2252"]
[BlackElo "2117"]
[WhiteFideId "-1"]
[WhiteFideId "-1"]
[PlyCount "67"]
[GameId "2160767909343207"]
[EventDate "2013.07.10"]
[EventType "swiss"]
[EventRounds "6"]
[EventCountry "CAN"]
[SourceTitle "hb 2013"]

1. e4 c5 2. Nf3 d6 3. b4 cxb4 4. d4 Nf6 5. Bd3 e6 6. a3 Nc6 7. O-O Be7 8. Re1 d5 9. e5 Nd7 10. c3 bxc3 11. Nxc3 Nb6 12. Ne2 Bd7 13. Nf4 g6 14. Bd2 Rg8 15. Ne2 Nb8 16. Nc3 Bc6 17. Qe2 N8d7 18. Nb5 Bxb5 19. Bxb5 a6 20. Bd3 Na4 21. Bc2 Nb2 22. Rab1 Nc4 23. Rxb7 Ndb6 24. Rb1 Qc8 25. Rxe7+ Kxe7 26. Bb4+ Ke8 27. Ng5 Rg7 28. Qf3 Qd8 29. Nxe6 fxe6 30. Qf8+ Kd7 31. Qxg7+ Kc6 32. Qxh7 a5 33. Bc5 a4 34. Qxg6 1-0

[Event "CYCC U18"]
[Site "Ottawa CAN"]
[Date "2013.07.12"]
[Round "5"]
[White "Ivanov, Mike"]
[Black "Zhang, David"]
[Result "1/2-1/2"]
[WhiteElo "2252"]
[BlackElo "2280"]
[WhiteFideId "-1"]
[WhiteFideId "-1"]
[PlyCount "169"]
[GameId "2160767909343212"]
[EventDate "2013.07.10"]
[EventType "swiss"]
[EventRounds "6"]
[EventCountry "CAN"]
[SourceTitle "hb 2013"]

1. e4 c6 2. Nf3 d5 3. Nc3 Bg4 4. d4 dxe4 5. Nxe4 Nf6 6. Nxf6+ gxf6 7. Be3 Na6 8. g3 Qd5 9. Bg2 Qb5 10. Qe2 Qxe2+ 11. Kxe2 Nb4 12. Rhc1 h5 13. h3 Bf5 14. Ne1 O-O-O 15. c4 e5 16. d5 cxd5 17. cxd5+ Kb8 18. Rd1 Bd7 19. Rd2 Bb5+ 20. Kd1 Ba4+ 21. b3 Bd7 22. a3 Na6 23. Nd3 Bd6 24. h4 b6 25. a4 Bg4+ 26. Ke1 Rc8 27. a5 b5 28. Rc1 Bb4 29. Rc6 Rxc6 30. dxc6 Bxa5 31. b4 Nxb4 32. Kf1 Nxc6 33. Bxc6 Bxd2 34. Bxd2 Rd8 35. Bxb5 Rd5 36. Bc4 Rd4 37. Bb5 a6 38. Bxa6 Ka7 39. Be3 Kxa6 40. Bxd4 exd4 41. Ne1 Kb5 42. f3 Bf5 43. Ke2 Kc4 44. Kd2 Bh3 45. Kc2 Kd5 46. Kd2 Bf1 47. Nc2 f5 48. Nb4+ Kc5 49. Nc2 Kc4 50. Ne1 d3 51. f4 f6 52. Ke3 Kc3 53. Nf3 Bg2 54. Nd2 Bd5 55. Nf1 Kc2 56. Nd2 Bg2 57. Nc4 Bf1 58. Na3+ Kd1 59. Nc4 Ke1 60. Nd2 Be2 61. Nc4 Kf1 62. Nd6 Kg2 63. Nxf5 Bg4 64. Nd6 f5 65. Kxd3 Kxg3 66. Ke3 Kxh4 67. Kf2 Kh3 68. Nc4 Kh2 69. Ne3 Kh3 70. Nf1 Kh4 71. Ne3 Kh3 72. Nf1 h4 73. Ne3 Kh2 74. Nf1+ Kh3 75. Ne3 Kh2 76. Nf1+ Kh1 77. Ne3 Bh3 78. Nc4 Kh2 79. Ne3 Kh1 80. Nc4 Bg2 81. Nd6 Bh3 82. Nc4 Bg4 83. Ne3 Kh2 84. Nf1+ Kh3 85. Ne3 1/2-1/2

[Event "Aurora Summer op"]
[Site "Aurora CAN"]
[Date "2013.07.06"]
[Round "1.6"]
[White "Ivanov, Mike"]
[Black "Du, Digeng"]
[Result "1-0"]
[WhiteElo "2252"]
[BlackElo "2009"]
[WhiteFideId "-1"]
[WhiteFideId "-1"]
[PlyCount "85"]
[GameId "2160767909343229"]
[EventDate "2013.07.06"]
[EventType "swiss"]
[EventRounds "5"]
[EventCountry "CAN"]
[SourceTitle "EXT 2022"]
[Source "ChessBase"]
[SourceDate "2021.10.06"]
[SourceVersion "1"]
[SourceVersionDate "2021.10.06"]
[SourceQuality "1"]

1. e4 d6 2. d4 Nf6 3. Nc3 g6 4. Be3 c6 5. f3 Qb6 6. Rb1 Bg7 7. Qd2 Qc7 8. a4 O-O 9. Bd3 Nbd7 10. Nge2 a6 11. O-O c5 12. b3 cxd4 13. Nxd4 e6 14. Rfd1 b6 15. Bf1 Bb7 16. Nde2 d5 17. exd5 Bxd5 18. Nxd5 Nxd5 19. Bd4 e5 20. Bf2 N7f6 21. c4 Ne7 22. Qd6 Qxd6 23. Rxd6 Nc8 24. Rc6 Rb8 25. Rd1 Rb7 26. Nc3 Re8 27. Nd5 Nxd5 28. cxd5 b5 29. d6 Rd8 30. Rxa6 bxa4 31. bxa4 Bf8 32. Ra8 Rxd6 33. Rxd6 Nxd6 34. Bc5 Kg7 35. Rxf8 Kxf8 36. Bxd6+ Ke8 37. Bb5+ Kd8 38. Bxe5 Rb6 39. g4 f6 40. Bc3 Kc8 41. Kf2 Kb7 42. Bd4 Rd6 43. Be3 1-0

[Event "Aurora Summer op"]
[Site "Aurora CAN"]
[Date "2013.07.06"]
[Round "2.1"]
[White "Noritsyn, Nikolay"]
[Black "Ivanov, Mike"]
[Result "1-0"]
[WhiteElo "2604"]
[BlackElo "2252"]
[WhiteFideId "-1"]
[WhiteFideId "-1"]
[PlyCount "85"]
[GameId "2160767909339136"]
[EventDate "2013.07.06"]
[EventType "swiss"]
[EventRounds "5"]
[EventCountry "CAN"]
[SourceTitle "EXT 2022"]
[Source "ChessBase"]
[SourceDate "2021.10.06"]
[SourceVersion "1"]
[SourceVersionDate "2021.10.06"]
[SourceQuality "1"]

1. d4 Nf6 2. c4 g6 3. Nc3 Bg7 4. e4 O-O 5. Be2 d6 6. Bg5 Na6 7. Nf3 c5 8. d5 Bg4 9. O-O Nc7 10. h3 Bxf3 11. Bxf3 Rb8 12. Be2 e6 13. Qd2 exd5 14. exd5 Re8 15. Rfe1 Qd7 16. Qf4 Qe7 17. g4 b5 18. Kg2 b4 19. Bd3 Qxe1 20. Rxe1 Rxe1 21. Nb5 Nfxd5 22. cxd5 Nxb5 23. Bxb5 Rxb5 24. Qxd6 h6 25. Be3 Bf8 26. Qd8 g5 27. b3 Kg7 28. Qe8 Rb6 29. Bd4+ cxd4 30. Qxe1 Bc5 31. Qc1 Be7 32. Qc4 Bf6 33. Kf3 Rd6 34. Ke4 a5 35. Qc5 Ra6 36. Qb5 Ra8 37. d6 Rd8 38. d7 Kf8 39. Qc5+ Kg7 40. Qd6 Kg6 41. f4 Ra8 42. h4 gxf4 43. g5 1-0